| 000 | 01108cac a22002651u 4500 | ||
|---|---|---|---|
| 008 | 090119s2000mau|||||r|||| 001 0 eng d | ||
| 010 | _a 99012837 | ||
| 020 | _a0072397853 | ||
| 020 | _a9780072397857 | ||
| 035 | _a(DLC) 99012837 | ||
| 082 | 0 | 0 |
_a658.1511 _bGAR _222 |
| 100 |
_aGarrison, Ray H. _925979 |
||
| 245 | 1 | 0 |
_aManagerial Accounting / _cRay H. Garrison, Eric W. Noreen. |
| 250 | _a9th ed. | ||
| 260 |
_aBoston, MA : _bIrwin/McGraw-Hill, 2000 _cc2000. |
||
| 260 | _bDistributer: Dar Fathy Taha Mohamed Desouky. | ||
| 300 |
_axxxv, 923 p. : _bcol. ill. ; _c29 cm.+ _e1 CD-ROM (4 3/4 in.) |
||
| 500 | _aIncludes index. | ||
| 650 | 0 |
_aManagerial accounting. _925980 |
|
| 653 | _bEco | ||
| 700 | 1 |
_aNoreen, Eric W. _925981 |
|
| 942 |
_cBB _k658.1511 GAR _2ddc |
||
| 999 |
_c9008 _d9008 |
||